Guanacaste:región e historia 1786-2015, homenaje in memoriam al Dr: Juan José Marín Hernández (Registro nro. 9769)
[ vista simple ]
| 000 -CABECERA | |
|---|---|
| campo de control de longitud fija | 00927nam a22003137a 4500 |
| 005 - FECHA Y HORA DE ACTUALIZACIÓN | |
| campo de control | 20170825145738.0 |
| 008 - LONGITUD FIJA | |
| campo de control de longitud fija | 170822b xxu||||| |||| 00| 0 spa d |
| 020 ## - INTERNATIONAL STANDARD BOOK NUMBER | |
| Número Internacional Estándar del Libro | 9789930957240 |
| 041 ## - IDIOMA | |
| Código de idioma del texto/pista de sonido o título separado | |
| 082 ## - CLASIFICACIÓN DECIMAL DEWEY | |
| Número de clasificación | 972.866 N973g |
| 100 ## - AUTOR PERSONAL | |
| Nombre de persona | Muñoz Arias, Rodolfo |
| 100 ## - AUTOR PERSONAL | |
| Nombre de persona | Rodríguez Espinoza, Arnaldo |
| 245 ## - TÍTULO PROPIAMENTE DICHO | |
| Título | Guanacaste:región e historia 1786-2015, homenaje in memoriam al Dr: Juan José Marín Hernández |
| 260 ## - PIE DE IMPRENTA | |
| Lugar de publicación, distribución, etc. | Costa Rica |
| 260 ## - PIE DE IMPRENTA | |
| Nombre del editor, distribuidor, etc. | Alma Mater |
| 260 ## - PIE DE IMPRENTA | |
| Fecha de publicación, distribución, etc. | 2016 |
| 300 ## - DESCRIPCIÓN FÍSICA | |
| Extensión | 270 páginas |
| 650 ## - Materia General | |
| Materia general | COSTA RICA |
| 650 ## - Materia General | |
| Materia general | GUANACASTE |
| 650 ## - Materia General | |
| Materia general | HISTORIA |
| 650 ## - Materia General | |
| Materia general | SOCIOLOGÍA |
| 650 ## - Materia General | |
| Materia general | INVESTIGACIONES |
| 650 ## - Materia General | |
| Materia general | ASPECTOS SOCIOECONÓMICOS |
| 650 ## - Materia General | |
| Materia general | ESTRUCTURA PRODUCTIVA |
| 650 ## - Materia General | |
| Materia general | TURISMO |
| 650 ## - Materia General | |
| Materia general | RECURSOS NATURALES |
| 650 ## - Materia General | |
| Materia general | DESARROLLO SOSTENIBLE |
| 942 ## - Punto de Acceso Adicional Koha | |
| Tipo de ítem Koha | Libro |
| Estado perdido | Estado dañado | No para préstamo | Biblioteca permanente | Biblioteca actual | Signatura completa | Código de barras | Tipo de ítem |
|---|---|---|---|---|---|---|---|
| Departamento de Biblioteca y Documentación Alfonso Chase Brenes | Departamento de Biblioteca y Documentación Alfonso Chase Brenes | 972.866 N971g | 22567 | Libro | |||
| Departamento de Biblioteca y Documentación Alfonso Chase Brenes | Departamento de Biblioteca y Documentación Alfonso Chase Brenes | 972.866 N971g | 22568 | Libro |